Statistieken voor Landen door grenzen in 90 seconden

Klik hier om de quiz te nemen!

Algemene statistieken

  • Deze quiz is 1.238 keer genomen
    (1.130 sinds de laatste reset)
  • De gemiddelde score is 105 van 157

Antwoorden op de kaart

Antwoorden kleurgecodeerd door een groen-rode schaal op de quizkaart volgens % correct hieronder.
 

Antwoordstatistieken

Country% Correct
Frankrijk
96%
Rusland
94%
China
92%
Duitsland
92%
Polen
92%
Kazachstan
91%
Mongolië
91%
Noord-Korea
91%
Brazilië
90%
Oekraine
90%
Wit-Rusland
90%
Finland
89%
Noorwegen
89%
Suriname
89%
Verenigde Staten van Amerika
89%
België
88%
Litouwen
88%
Nederland
88%
Canada
87%
Zwitserland
87%
India
86%
Pakistan
86%
Azerbeidzjan
85%
Myanmar
85%
Spanje
85%
Argentinië
84%
Bhutan
84%
Bolivië
84%
Estland
84%
Letland
84%
Nepal
84%
Colombia
83%
Mexico
83%
Libië
82%
Peru
82%
Centraal Afrikaanse
Republiek
81%
D. R. Congo
81%
Georgië
81%
Italië
81%
Kameroen
81%
Zuid-Soedan
81%
Oostenrijk
80%
Venezuela
80%
Zambia
80%
Algerije
79%
Irak
79%
Paraguay
79%
Rep. of the Congo
79%
Tanzania
79%
Angola
78%
Guyana
78%
Niger
78%
Soedan
78%
Uruguay
78%
Verenigd Koninkrijk
78%
Botswana
77%
Namibië
77%
Oeganda
77%
Zuid-Afrika
77%
Marokko
76%
Saoedi-Arabië
76%
Turkije
76%
Zimbabwe
76%
Luxemburg
75%
Mali
74%
Burundi
73%
Iran
73%
Jemen
73%
Oman
73%
Rwanda
73%
Tsjaad
73%
Afghanistan
72%
Gabon
72%
Guatemala
72%
Burkina Faso
71%
Mozambique
71%
Hongarije
70%
Belize
69%
Bulgarije
69%
Servië
69%
Chili
68%
Denemarken
68%
Eswatini
68%
Jordanië
68%
Laos
67%
Roemenië
67%
Tsjechië
67%
Zweden
67%
Egypte
66%
Ierland
66%
Lesotho
66%
Maleisië
66%
Verenigde Arabische Emiraten
66%
Andorra
65%
Bangladesh
65%
Indonesië
64%
Mauritanië
64%
Portugal
64%
Armenië
63%
Ethiopië
63%
Koeweit
62%
Nigeria
62%
Papua Nieuw Guinea
61%
Slovenië
61%
Sri Lanka
61%
Noord-Macedonië
60%
Oost-Timor
60%
Turkmenistan
60%
Vietnam
60%
Kenia
58%
Guinee
57%
Israel
57%
Ivoorkust
57%
Griekenland
56%
Montenegro
56%
Benin
55%
Qatar
55%
Somalië
55%
Tadzjikistan
55%
Kroatië
54%
Panama
54%
Senegal
54%
Kirgizië
53%
Ecuador
52%
Moldavië
52%
Costa Rica
51%
Slovakije
51%
Syrië
51%
Bosnië en
Herzegovina
50%
Cambodja
50%
San Marino
50%
Vaticaanstad
50%
Djibouti
49%
Ghana
48%
Thailand
48%
Albanië
46%
Nicaragua
46%
Tunesië
46%
Honduras
45%
Togo
45%
Eritrea
44%
Kosovo
42%
El Salvador
40%
Dominicaanse Republiek
35%
Haiti
35%
Oezbekistan
35%
Monaco
33%
Malawi
32%
Liberia
30%
Guinee-Bissau
27%
Liechtenstein
26%
Gambia
23%
Libanon
23%
Sierra Leone
22%
Zuid-Korea
21%
Equatoriaal Guinea
20%
Brunei
12%

Scoreverdeling

Percentiel versus Aantal Correcte Antwoorden

Procent van Mensen met Elke Score

Uw Scoregeschiedenis

U heeft deze quiz nog niet genomen sinds de laatste reset